01233naa#a2200229#i#4500001001600000005001700016011001400033100004100047101000800088102000700096200022400103210013900327215001100466608004500477675017500522700005200697700005800749700005400807700005800861700006600919856001800985RU\\bibl\12362220260608003332.1##a2076-0655##a20260529b2026####ek#y0rusy0150####ca0#aRUS##aRU1#aИССЛЕДОВАНИЕ КОРРОЗИОННОЙ УСТОЙЧИВОСТИ СМЕШАННЫХ ЦЕМЕНТОВ С КОМПЛЕКСНЫМ ЦЕОЛИТОВЫМ МОДИФИКАТОРОМeЖурнальная статья1#aМоскваcИндивидуальный Предприниматель Самченко Светлана Васильевнаd2026##a11 с.##aЖурнальная статья2local##aПрочие цементы и смеси цементов. 666.949aЦементы. Вяжущие вещества, содержащие пуццоланы. 691.54zRUS#1aКозловаgИрина Васильевна#1aСинотоваgМария Вячеславовна#1aЗемсковаgОльга Викторовна#1aБорисенковgНикита Сергеевич#1aЗалазаеваgАлександра Николаевна4#atsilicates.ru